| 000 | 00960 a2200253 4500 | ||
|---|---|---|---|
| 005 | 20150414082513.0 | ||
| 008 | 150414s2014 ck ||||fr|||| 00| 0 spa d | ||
| 020 | _a9789588539625 | ||
| 040 |
_aCO-BoUCM _bspa _cJose A. Gerena _dJose A. Gerena |
||
| 041 | _aspa | ||
| 245 | 0 | 6 |
_aDe la historia negra _bsímbolo, cosmovisión y resistencia _ccompilado por Alfonso Cassiani Herrera |
| 260 |
_c2014 _bIcultur _aCartagena (Colombia) |
||
| 300 | _a239 páginas | ||
| 650 | 7 |
_912390 _aCultura |
|
| 650 | 7 |
_962482 _aAfrodescendientes _xAspectos sociales _zColombia |
|
| 650 | 7 |
_aAfrodescendientes _xAspectos culturales _zColombia _968350 |
|
| 651 | 4 |
_aColombia _xHistoria _926897 |
|
| 651 | 4 |
_aColombia _xCondiciones sociales _926896 |
|
| 690 |
_942761 _aCultura |
||
| 700 | 1 |
_aCassiani Herrera, Alfonso _ecompilador _968351 |
|
| 700 | 1 |
_aNavarrete, María Cristina _968352 |
|
| 942 |
_2DEWEY _a5 _cLIBRO _e1 _h305.8036 _mH673 |
||
| 999 |
_c299142 _d299142 |
||